| 000 | 00598nam a22001817a 4500 | ||
|---|---|---|---|
| 005 | 20251108165011.0 | ||
| 008 | 250721s1981 xx 000 0 ara d | ||
| 082 | 1 | 4 | _a216.1/أحم |
| 100 | 1 | _aالحصري، أحمد | |
| 245 | 1 | 0 | _aنظرية الحكم و مصادر التشريع في أصول الفقه الإسلامي / |
| 264 | 1 |
_aالقاهره : _bمكتبة الكليات الأزهريه، _c1981. |
|
| 300 | _a2ج | ||
| 650 | 1 | 7 | _aالإسلام |
| 650 | 1 | 7 | _aالفقه الإسلامي |
| 650 | 1 | 7 | _aأصول الدين الإسلامي |
| 942 |
_2ddc _cBK |
||
| 999 |
_c19551 _d19551 |
||